00429nam a2200157 a 4500008004100000050001700041100002600058245002900084246005200113260003200165300001500197350000900212650002000221650001500241650001500256120416s1969 ||||||||||||||||| || u aHD 69.D4 Wei aWeisselberg, Robert C14aThe executive strategist aan armchair guide to scientific decision-making aNew YorkbMcGraw-Hillc1969 axii, 249p. a0.00 0aDECISION MAKING aEXECUTIVES 0aMANAGEMENT